000 00534nam a2200169 i 4500
001 32564
003 ES-MaACL
005 20230906154609.0
007 t|
008 160405s1917 xxk ||||1| spa d
245 0 0 _aPedazos de papel
_b: proclamas alemanas en Bélgica y Francia /
_ccon una advertencia preliminar por Ian Malcolm.
260 _aLondon :
_bHodder and Stoughton,
_c1917.
300 _a37 p. ;
_c37 cm.
650 0 4 _aGuerra mundial, 1914-1918.
_913212
700 1 _aMalcolm, Ian.
_9159285
852 _aES-MaACL
_j1540-F-1
999 _c32564
_d32564